000 00522nam a2200181 a 4500
001 000023114
003 DO-SdBNP
005 20220427112331.0
008 101126s2019 cl a 001 0 spa d
040 _aDO-SdBNP
_bspa
_cBNPHU
082 _axxx
_bI36
245 3 _aLos incentivos fiscales a las empresas en América Latina y el Caribe :
_bsíntesis
260 _aSantiago :
_bNaciones Unidas. Oxfam,
_c2019
300 _a17 p. :
_bil. ;
_c29 cm.
590 _aInventariado, 2022 / DG
910 _aDG
942 _2ddc
_cLF2
999 _c51593
_d51593